000 00644nam a22002297a 4500
003 UA-OsUOA
001 94722
007 ta
008 20130218b un ||||| |||| 00| 0 ukr d
100 _aНемирович - Данченко В.
090 _a821.161.1
_bН50
942 _cBK
040 _aUA-OsUOA
_brus
_cUA-OsUOA
_dUA-OsUOA
245 _aСвятые горы
_bочерки и впечатления
300 _a182 с.
955 _a3
041 _arus
080 _a821.161.1
260 _aДонецк
_bДонбас
_c1990
650 7 _a82 Література. Літературознавство
_2UDC
999 _c380968
_d380968